Most Powerful Marvel Characters (Film & Comics) - Statistics

General Stats
  • This quiz has been taken 43 times
  • The average score is 8 of 40
Answer Stats
Hint Answer % Correct
24. Thor Odinson
86%
27. Hulk
74%
33. Thanos
66%
22. Dr. Strange
54%
17. Scarlet Witch
49%
26. Odin Borson
46%
19. Captain Marvel
40%
37. Spider-Man
37%
1. One Above All
34%
5. Cosmic Pantheon (Infinity, Oblivion, Death, Eternity)
31%
30. Silver Surfer
31%
10. Franklin Richards
29%
3. The Beyonder
29%
4. The Living Tribunal
29%
12. Sentry
26%
21. Adam Warlock
20%
23. Hercules
20%
31. Dormammu
17%
29. Kang the Conqueror
14%
6. Phoenix Force
14%
25. Apocalypse
11%
32. Captain Universe
9%
7. Molecule Man
9%
34. Hyperion
6%
15. Legion
6%
2. The Fulcrum
6%
9. First Firmament
3%
18. Gladiator
3%
8. Kronos
3%
13. Proteus
3%
35. Amatsu-Mikaboshi
0%
38. Genis-Vell
0%
16. Hope Summers
0%
11. Lord Chaos & Master Order
0%
40. Mad Jim Jaspers
0%
36. Marquis of Death
0%
14. Nemesis
0%
39. Nimrod
0%
20. Protégé
0%
28. Vulcan
0%
No matching quizzes found
Score Distribution
Percent of People with Each Score
Percentile by Number Answered
Your Score History
You have not taken this quiz